000 00529nam a22001577a 4500
003 MPLRDC
005 20220104144456.0
008 210129b ||||| |||| 00| 0 eng d
082 _a051.4 K1KC v.24 1980 c.2
100 _a吉隆坡坤成女子中学高中第二十四届毕业刊编辑委员会
245 _a坤成第二十四届高中毕业特刊
_c
260 _a
_b吉陂坡坤成女子中学高中第二十四届毕业班
_c1980
300 _b
650 _a学术纪要、学刊
942 _cBK
_o051.4 K1KC v.24 1980 c.2
999 _c49975
_d49965